Ventura de Pedro de Valdivia

Saved in:
Bibliografiske detaljer
Hovedforfatter: Eyzaguirre Gutiérrez, Jaime (autor)
Format: Bog
Sprog:spansk
Udgivet: Santiago, Chile Zig-Zag 1974
Udgivelse:Séptima edición
Fag:
Tags: Tilføj Tag
Ingen Tags, Vær først til at tagge denne postø!

MARC

LEADER 00000nam a2200000 a 4500
001 UCO1996
003 CL-VaPUC
005 20231215105921.0
008 000602e19740000CL |||||||||||||||||spa|d
999 |c 288542  |d 288540 
040 |c Pontificia Universidad Católica de Valparaíso 
082 0 4 |a 983.02 EYZ 1974  |2 21 
100 |a Eyzaguirre Gutiérrez, Jaime  |e autor  |9 584583 
245 1 0 |a Ventura de Pedro de Valdivia 
250 |a Séptima edición 
260 |a Santiago, Chile  |b Zig-Zag  |c 1974 
300 |a 184 páginas 
583 |a last modification  |c 20000602 00:00:00  |k Rodrigo Vera 
600 0 7 |a VALDIVIA, PEDRO DE  |2 CL-VaPUC  |9 317024 
650 0 |a Historia de Chile  |9 265473 
650 0 |a Conquista  |z CHILE  |9 339504 
852 |a BIBCUR 
942 |c BK  |2 ddc 
945 |d 20000602 00:00:00  |a crobeson 
952 |0 0  |1 0  |2 ddc  |4 0  |6 983_020000000000000_EYZ_1974  |7 0  |8 A  |9 336280  |a BIBHIS  |b BIBHIS  |d 2019-11-20  |i 1277170  |o 983.02 EYZ 1974  |p 1277170  |r 2025-01-20  |t 2  |w 2019-11-20  |y BK  |k HIS 
952 |0 0  |1 0  |2 ddc  |4 0  |6 983_020000000000000_EYZ_1974  |7 0  |8 A  |9 336281  |a BIBHIS  |b BIBHIS  |d 2019-11-20  |i 1277189  |o 983.02 EYZ 1974  |p 1277189  |r 2025-01-20  |t 3  |w 2019-11-20  |y BK  |k HIS 
952 |0 0  |1 0  |2 ddc  |4 0  |6 983_020000000000000_EYZ_1974  |7 0  |8 DER_HDC  |9 336282  |a BIBDER  |b BIBDER  |d 2019-11-20  |i 3922847  |o 983.02 EYZ 1974  |p 3922847  |r 2023-01-25  |t 1  |w 2019-11-20  |x Ubicación 4to Piso  |y BK  |z Estos recursos deben solicitarse con anticipación  |k DER